Normal view MARC view

Entry Personal Name

Number of records used in: 1

001 - CONTROL NUMBER

  • control field: 164603

003 - CONTROL NUMBER IDENTIFIER

  • control field: OSt

005 - DATE AND TIME OF LATEST TRANSACTION

  • control field: 20220923220750.0

008 - FIXED-LENGTH DATA ELEMENTS

  • fixed length control field: 220923|| aca||aabn | a|a d

040 ## - CATALOGING SOURCE

  • Original cataloging agency: OSt
  • Transcribing agency: OSt

100 ## - HEADING--PERSONAL NAME

  • Personal name: श्रीवास्तव, रवीन्द्रनाथ, सम्प; सहाय, रमानाथ, सम्प

670 ## - SOURCE DATA FOUND

  • Source citation: Work cat.: (OSt)342961: श्रीवास्तव, रवीन्द्रनाथ, सम्प; सहाय, रमानाथ, सम्प, हिंदी का सामाजिक संदर्भ, संपा रवीन्दनाथ श्रीवास्तव एंव समानाथ सहाय, 1990
Copyright @ Delhi University Library System